00748 a2200181 45000010006000000050017000060080041000230030015000640400040000790800038001192450031001570200018001882500013002062640041002193000019002605050268002791000019005474589320260407155731.0260407a1978 arg spa dAR-UNSa-BCEJYS aAR-UNSa-BCEJYSbspacAR-UNSa-BCEJYS a1(09)xHistoria de la Filosofía10aHistoria de la Filosofía a84-292-8708-6 a30a. ed. 1aMadrid :bRevista de Occidentec1978 a514 p.c21 cm. a1. Filosofía Griega – 2. El Cristianismo – 3. Filosofía Medieval – 4. Filosofía Moderna – 5. El Idealismo del Siglo XVII – 6. El Empirismo – 7. El Idealismo Alemán – 8. Filosofía en el Siglo XIX – 9. La filosofía de nuestro tiempo – 1 aMarias, Julian